00806nam a2200205 i 4500001000700000003000900007005001700016007000300033008004100036020001800077080002100095080004700116100003700163245024100200250001200441260003700453300002100490600003700511852005200548131176ES-MaACL20250920063101.0t|160125s2001 sp r ||||1| spa d a84-8191-383-9 a821.134.2-14"19" a929 Mandel'shtam, Osip Émil'evich (0:82)1 aPérez Leal, Agustín, d1965-10aCuarto cuaderno o Libro de Siberia : bel cual contiene la terrible y pesarosa historia del desdichado poeta Osip Emiliévich Mandelstam muerto en el campo de Vtoráia Riechka en el mes de diciembre de 1938 / cAgustín Pérez Leal. a1ª ed. aValencia : bPre-Textos, c2001. a58 p. ; c21 cm.14aMandel'shtam, Osip (d1891-1938) aES-MaACLjL-30186 z.- Donat. Miguel A. Velasco